000 00300nam a22001097a 4500
008 170120b xxu||||| |||| 00| 0 eng d
020 _a9780130805904
041 _aeng
080 _24TH
_a618.2
245 _aAPPRAISAL PROCEDUES FOR COUNSELORS AND HEALPING PROFESSIONALS
_cDRUMMOND, R.J
942 _2udc
_cBK
999 _c3233
_d3233